| 000 | 00502nam a2200169Ia 4500 | ||
|---|---|---|---|
| 003 | IN-BaIIA | ||
| 008 | 211028s9999 xx 000 0 eng d | ||
| 020 | _a81-2200651-5 | ||
| 040 | _cIIA Library | ||
| 080 |
_a92:5 _bRAM |
||
| 100 |
_aRamanathan, R. _927900 |
||
| 245 | 0 |
_aWho is Kalam? a good human being _cR. Ramanathan |
|
| 260 |
_aDelhi _bKonark Publishers _c2003 |
||
| 300 | _axiii, 232p. | ||
| 650 |
_aA.P.J. Kalam- Biography _927901 |
||
| 942 | _cBK | ||
| 999 |
_c15192 _d15192 |
||